Vista normal
Vista MARC
Entrada Materia (corporativa)
Número de registros utilizados en: 1
001 - CONTROL NUMBER
- control field: 172964
003 - CONTROL NUMBER IDENTIFIER
- control field: Co-BoUCM
005 - DATE AND TIME OF LATEST TRANSACTION
- control field: 20220120072624.0
008 - FIXED-LENGTH DATA ELEMENTS
- fixed length control field: 220120|| aca||aabn | a|a d
040 ## - CATALOGING SOURCE
- Original cataloging agency: Co-BoUCM
110 1# - HEADING--CORPORATE NAME
- Corporate name or jurisdiction name as entry element: Global Designing Cities Initiative